Aspects of Nonverbal Communication in Business Negotiations

Analýza prvkov neverbálnej komunikácie nie len v obchodných rokovaniach. Jej definícia, kategórie a typy.

Enregistré dans:
Détails bibliographiques
Auteur principal: Pavlíková, Žaneta, 1973-
Format: Chapitre de livre
Langue:anglais
Sujets:
Tags: Ajouter un tag
Pas de tags, Soyez le premier à ajouter un tag!

MARC

LEADER 00000nla$a2200000$$$4500
001 0243756
005 20240502073941.2
041 0 |a eng 
044 |a SK 
245 1 0 |a Aspects of Nonverbal Communication in Business Negotiations  |c Žaneta Pavlíková 
520 |a Analýza prvkov neverbálnej komunikácie nie len v obchodných rokovaniach. Jej definícia, kategórie a typy. 
610 2 0 |a rokovania obchodné 
610 2 0 |a vyjednávanie 
610 2 0 |a komunikácia neverbálna 
610 2 0 |a komunikácia 
100 1 |a Pavlíková, Žaneta, 1973-